000 00538nam a2200181Ia 4500
005 20250508163645.0
008 008 250505s9999 xx 000 0 eng d
037 _aTextual
040 _aFEDL
_beng
_cFEDL
041 _aeng
_2eng
084 _a303.4, DAL
_qFEDL
100 _aDalal K.L. Ed.
_9775896
245 0 _aHuman development : An Indian perspective
260 _aNew Delhi, India
_bVikas Publishing House Private Limited
_c1991
300 _axvii,149p.
942 _cTEXL
_h303.4, DAL
999 _c1384542
_d1384542